| 000 | 02316nam0a2200373 4500 | ||
|---|---|---|---|
| 001 | RU\NLR\bibl\846610 | ||
| 005 | 20260407120429.0 | ||
| 010 |
_a5-02-033244-5 _9410 |
||
| 021 |
_aRU _b2005-22994 _91169 |
||
| 035 | _a(NLR Aleph) 000835385 | ||
| 090 |
_a1386927 _c1386927 |
||
| 100 | _a20050930d2005 |||y0rusy50 ca | ||
| 101 | 0 | _arus | |
| 102 | _aRU | ||
| 105 | _ay ||||||||| | ||
| 200 | 1 |
_aНаваждения _eк истории "русской идеи" во французской литературе XX века. _eматериалы российско-французского коллоквиума ( Санкт-Петербург, 2-3 июля, 2001 г.) _f[отв. ред. д.филол.н. С.Л. Фокин] |
|
| 210 |
_aМосква _cНаука _d2005 |
||
| 215 |
_a233, [3] с. _d17 |
||
| 300 | _aВ надзаг.: Рос. акад. наук, Науч. совет "История мировой культуры", Комис. по лит. и интеллект. культуре Франции | ||
| 320 | _aБиблиогр. в подстроч. прим. | ||
| 606 | 1 |
_aФранцузская литература _jСъезды, совещания и т.п. _xСвязи с русской литературой _z20 в. _92401366 _3RU\NLR\auth\661431398 |
|
| 606 | 1 |
_aФранцузская литература _jСъезды, совещания и т.п _xСвязи _xРусская литература _z20 в. _92237775 _3RU\NLR\AUTH\6601574618 |
|
| 606 | 1 |
_aРусская литература _jСъезды, совещания и т.п. _xСвязи с французской литературой _91190144 _3RU\NLR\auth\66162297 |
|
| 686 | _aШ5(4Фр)6-318.3я431 | ||
| 686 | _aШ5(2=Р)-318.3я431 | ||
| 702 | 1 |
_4340 _7ca _8rus _aФокин _bС. Л. _cд-р филол. наук _f1959- _gСергей Леонидович _9117921 _3RU\NLR\auth\778000 |
|
| 712 | 0 | 2 |
_4570 _aРоссийская академия наук _bКомиссия по литературе и интеллектуальной культуре Франции _9639434 _3RU\NLR\AUTH\8810068908 |
| 801 | 0 |
_aRU _bNLR _c20050930 _grcr |
|
| 801 | 1 |
_aRU _bNLR _c20050930 |
|
| 942 | _cBOOK | ||
| 980 | _aNB | ||